| 000 | 01684nam2a22002291 4500 | ||
|---|---|---|---|
| 001 | rc\3952207 | ||
| 005 | 20250630143815.0 | ||
| 035 | _a(NLR Aleph) 008045154 | ||
| 090 |
_a8906436 _c8906436 |
||
| 100 | _a20130415d1956 |||y0rusy50 ca | ||
| 101 | 0 | _arus | |
| 102 | _aRU | ||
| 105 | _ay z ||||| | ||
| 200 | 1 | _aПленарные заседания | |
| 210 |
_aЛенинград _cБ. и. _d1956 |
||
| 215 | _a8 с. | ||
| 461 | 0 |
_1001rc\3952206 _12001#$aДоклады$e(Краткое содержание)$fЛенингр. ордена Труд. Красного Знамени инж.-строит. XIV науч. конференция профессорско-преподавательского состава ЛИСИ с участием представителей науч.-техн. обществ. и строит. организаций Ленинграда$v[1] _98906433 _aЛенинградский инженерно-строительный институт. Научная конференция профессорско-преподавательского состава (14 ; 1956) _cЛенинград _d1956 _fЛенингр. ордена Труд. Красного Знамени инж.-строит. XIV науч. конференция профессорско-преподавательского состава ЛИСИ с участием представителей науч.-техн. обществ. и строит. организаций Ленинграда _nБ. и. _o(Краткое содержание) _tДоклады _v[1] |
|
| 801 | 0 |
_aRU _bNLR _gpsbo |
|
| 801 | 1 |
_aRU _bELAR _2rusmarc |
|
| 852 |
_aNLR _jТ80 Г-5/1055 |
||
| 942 | _cBOOK | ||
| 980 | _aNB | ||